| 000 | 00522nam a2200181 a 4500 | ||
|---|---|---|---|
| 005 | 20210223120903.0 | ||
| 008 | 991125s1977 mx 000 0 spa u | ||
| 035 | _aUPN01000008698 | ||
| 049 | _aCG | ||
| 050 | 4 |
_aPR5362 _bA5.38 |
|
| 100 | 1 |
_aAnderson Imbert, Enrique, _d1910-2000 _928725 |
|
| 245 | 1 | 4 |
_aLas comedias de Bernard Shaw / _cEnrique Anderson Imbert. |
| 260 |
_aMéxico : _bUNAM, _c1977. |
||
| 300 | _a135 p. | ||
| 440 | 0 | _aPoemas y ensayos | |
| 600 | 1 | 4 |
_aSHAW, GEORGE BERNARD, _d1856-1950 _941479 |
| 905 | _aLibro | ||
| 999 |
_c8698 _d8698 |
||